Städte der Welt nach Bildern - Statistiken

Allgemein
  • Dieses Quiz wurde 161 mal gespielt
  • Das Durchschnittsergebnis liegt bei 13 aus 16
Antwortstatistiken
Bildquiz Antwort % Korrekt
London
100%
Rom
99%
Sydney
96%
Los Angeles
94%
Moskau
93%
Athen
92%
Berlin
90%
Dubai
90%
Kairo
89%
New York
88%
Istanbul
82%
Rio de Janeiro
71%
Toronto
60%
Kuala Lumpur
57%
Tokio
48%
Kapstadt
32%
Keine übereinstimmenden Quizze gefunden
Verteilung der Resultate
Anzahl Personen mit jedem Resultat
Perzentil nach korrekt beantworteten Fragen
Ihre Resultats-Entwicklung
Sie haben dieses Quiz noch nicht gespielt